000 00576nam a2200181Ia 4500
003 GCL
008 140319s9999 xx 000 0 ara d
040 _aGCL /
_cGCL
082 0 4 _a658
_bم ا
100 1 _aمحسن احمد الخضيرى
245 1 0 _aالادارة فى دول النمور الاسيوية /
_cمحسن احمد الخضيرى
260 _aالقاهرة :
_bايتراك للنشر والتوزيع ،
_c1996
300 _a213 ص ؛
_c24 سم
490 _a
650 0 4 _aالادارة
650 0 4 _aالدول الاسيوية
942 _2ddc
_cBK
999 _c41842
_d41842